Secretarial practice and office management : (Record no. 6038)

MARC details
000 -LEADER
fixed length control field 00589cam a2200205ua 4500
001 - CONTROL NUMBER
control field 6897
005 - DATE AND TIME OF LATEST TRANSACTION
control field 20260515114126.0
008 - FIXED-LENGTH DATA ELEMENTS--GENERAL INFORMATION
fixed length control field 140307n ii |||gr||||Z||||||eng
040 ## - CATALOGING SOURCE
Transcribing agency MAIN
082 ## - DEWEY DECIMAL CLASSIFICATION NUMBER
Classification number 651
245 ## - TITLE STATEMENT
Title Secretarial practice and office management :
Remainder of title
Statement of responsibility, etc. By Y.K. Bhushan .
250 ## - EDITION STATEMENT
Remainder of edition statement Volume I.
260 ## - PUBLICATION, DISTRIBUTION, ETC.
Place of publication, distribution, etc. Bombay:
Name of publisher, distributor, etc. Somaiya publications pvt ltd.,
Date of publication, distribution, etc. 1971.
300 ## - PHYSICAL DESCRIPTION
Extent viii,361p.
653 ## - INDEX TERM--UNCONTROLLED
Uncontrolled term Office services
653 ## - INDEX TERM--UNCONTROLLED
Uncontrolled term Secretarial practice and office management :
700 ## - ADDED ENTRY--PERSONAL NAME
Personal name Bhushan,Y.K.,
Relator term Author.,
700 ## - ADDED ENTRY--PERSONAL NAME
Personal name Mittal,Ashok k.,
Relator term Author.
942 ## - ADDED ENTRY ELEMENTS (KOHA)
Koha item type Books
Holdings
Withdrawn status Lost status Damaged status Not for loan Home library Current library Shelving location Date acquired Total checkouts Full call number Barcode Date last seen Copy number Price effective from Koha item type
        Naharkatiya College Library Naharkatiya College Library General stacks 09/19/2020   651 | BHU 13885 09/19/2020 1 09/19/2020 Books